[Event "Staatsmeisterschaft 2001"]
[Site "Mureck (Austria)"]
[Date "2001.08.05"]
[Round "1.2"]
[White "Wukits, Rene"]
[Black "Brandner, Stefan"]
[Result "1/2-1/2"]
[WhiteElo "2269"]
[BlackElo "2276"]
[PlyCount "82"]
[EventDate "2001.08.05"]

1. c4 e5 2. Nc3 Nf6 3. g3 c6 4. Nf3 e4 5. Nd4 d5 6. cxd5 Qb6 7. e3 cxd5 8. Bg2
Nc6 9. Nxc6 bxc6 10. b3 Nd7 11. Na4 Qc7 12. f4 h5 13. Bb2 h4 14. Rc1 Ba6 15.
Bh3 Bb5 16. Nc3 Nc5 17. Nxb5 cxb5 18. Kf1 Qb7 19. Bxg7 Bxg7 20. Rxc5 { } 20...
d4 21. Qg4 Kf8 22. Kf2 dxe3+ 23. dxe3 hxg3+ 24. hxg3 b4 25. Rd1 Qa6 26. Rcd5
Bf6 27. R1d2 Qc6 28. Rd6 Qc3 29. Qf5 Rh6 30. Bg2 Rg6 31. Qd5 Re8 32. Rc6 Qa1
33. Rc7 33... Be7 { } 34. Bxe4 Rd6 35. Rxe7 Rxd5 36. Rxe8+ Kxe8 37. Bxd5 Qc3
38. Ke2 Ke7 39. Bc4 Qc1 40. g4 Qg1 41. g5 Qh2+ 1/2-1/2

[Event "Staatsmeisterschaft 2001"]
[Site "Mureck (Austria)"]
[Date "2001.08.05"]
[Round "1.3"]
[White "Baumegger, Siegfried"]
[Black "Fahrner, Kurt"]
[Result "0-1"]
[WhiteElo "2357"]
[BlackElo "2365"]
[PlyCount "78"]
[EventDate "2001.08.05"]

1. e4 e5 2. Nf3 Nc6 3. Bb5 Bc5 4. O-O Bb6 5. Bxc6 dxc6 6. Nxe5 Be6 7. d3 Qf6 8.
Nc4 Bxc4 9. dxc4 Ne7 10. Nd2 a5 11. a4 Qe6 12. Qe2 f5 13. Nb3 O-O-O 14. c5 Ba7
15. Bg5 h6 16. Bxe7 Qxe7 17. Qe1 fxe4 18. Qxa5 Kb8 19. Rae1 Rhe8 20. Qb4 Ka8
21. Re3 Rd5 22. c3 Bxc5 23. Nxc5 Rxc5 24. Rxe4 Qxe4 25. Qxc5 Qxa4 26. c4 b6 27.
Qd4 Kb7 28. Qxg7 Qxc4 29. Qxh6 Qd4 30. Qc1 Re2 31. Qc3 Qe4 32. g3 Rc2 33. Qf6
Qe2 34. h4 Rxb2 35. h5 Rb5 36. Rc1 36... Qe4 { } 37. Qg6 Qf3 38. g4 Rb4 39. Kf1
Qh1+ 0-1

[Event "Staatsmeisterschaft 2001"]
[Site "Mureck (Austria)"]
[Date "2001.08.05"]
[Round "1.5"]
[White "Sommerbauer, Norbert"]
[Black "Wach, Markus"]
[Result "1-0"]
[WhiteElo "2422"]
[BlackElo "2377"]
[PlyCount "45"]
[EventDate "2001.08.05"]

1. e4 e5 2. Nf3 Nc6 3. Nc3 Nf6 4. d4 exd4 5. Nxd4 Bb4 6. Nxc6 bxc6 7. Bd3 d5 8.
exd5 cxd5 9. O-O O-O 10. Bg5 c6 11. Qf3 Be7 12. Rfe1 Re8 13. h3 h6 14. Bd2 Bd7
15. Rad1 Rb8 16. b3 Bb4 17. Rxe8+ Bxe8 18. Na4 Bxd2 19. Rxd2 Qa5 20. Qf4 Rb4
21. Qe5 { } 21... Rxa4 22. Re2 Rxa2 23. Qxe8+ 1-0

[Event "Staatsmeisterschaft 2001"]
[Site "Mureck (Austria)"]
[Date "2001.08.05"]
[Round "1.6"]
[White "Volkmann, Friedrich Karl"]
[Black "Stanec, Nikolaus"]
[Result "1/2-1/2"]
[WhiteElo "2406"]
[BlackElo "2530"]
[PlyCount "38"]
[EventDate "2001.08.05"]

1. e4 c5 2. Nf3 g6 3. d4 cxd4 4. Qxd4 Nf6 5. e5 Nc6 6. Qa4 Nd5 7. Qb3 Nc7 8.
Bf4 Ne6 9. Bg3 Bg7 10. Nc3 Ned4 11. Nxd4 Nxd4 12. Qa4 Nf5 13. O-O-O Nxg3 14.
hxg3 Bxe5 15. Nd5 e6 16. f4 Bxb2+ 17. Kxb2 exd5 18. Rxd5 O-O 19. Rd6 19... Re8
{ } 1/2-1/2

[Event "Staatsmeisterschaft 2001"]
[Site "Mureck (Austria)"]
[Date "2001.08.05"]
[Round "1.7"]
[White "Pilaj, Herwig"]
[Black "Rolletschek, Heinrich"]
[Result "1-0"]
[WhiteElo "2297"]
[BlackElo "2340"]
[PlyCount "27"]
[EventDate "2001.08.05"]

1. d4 g6 2. e4 Bg7 3. Nc3 d6 4. f4 Nd7 5. Nf3 e5 6. dxe5 dxe5 7. Bc4 7... c6 { 
} 8. fxe5 Qa5 9. e6 Bxc3+ 10. bxc3 Qxc3+ 11. Qd2 { } 11... Qxc4 12. exd7+ Bxd7
13. Qxd7+ Kf8 14. Qd6+ 1-0

[Event "Staatsmeisterschaft 2001"]
[Site "Mureck (Austria)"]
[Date "2001.08.05"]
[Round "1.8"]
[White "Weinzettl, Ernst"]
[Black "Neubauer, Martin"]
[Result "1/2-1/2"]
[WhiteElo "2413"]
[BlackElo "2370"]
[PlyCount "144"]
[EventDate "2001.08.05"]

1. Nf3 Nf6 2. c4 g6 3. b3 Bg7 4. Bb2 O-O 5. d3 c5 6. g3 Nc6 7. Bg2 d5 8. Ne5
Nxe5 9. Bxe5 d4 10. Nd2 Ng4 11. Bxg7 Kxg7 12. h3 Nf6 13. a3 Rb8 14. b4 b6 15.
Rb1 Qc7 16. bxc5 bxc5 17. O-O Bd7 18. Qc2 Rb6 19. Rxb6 axb6 20. Rb1 Bc6 21. Qb3
Bxg2 22. Kxg2 Nd7 23. a4 Ra8 24. Ra1 Qc6+ 25. Nf3 Ra5 26. h4 e5 27. Kg1 f5 28.
Qc2 e4 29. dxe4 fxe4 30. Ng5 Nf6 31. Ra3 Ra8 32. Nh3 Ng4 33. Ng5 Re8 34. a5 Qf6
35. Nh3 bxa5 36. Rxa5 d3 37. Ra7+ Kg8 38. exd3 { } 38... exd3 39. Qxd3 Re1+ 40.
Kg2 Qc6+ 41. Qd5+ Qxd5+ 42. cxd5 Rd1 43. Nf4 Nf6 44. Ra8+ Kf7 45. Kf3 Nxd5 46.
Rd8 Nc3 47. Rh8 Kg7 48. Rc8 Na4 49. Rc7+ Kg8 50. Ne6 Rd5 51. Rg7+ Kh8 52. Ra7
Nb6 53. Ke4 Rd7 54. Ra6 Rb7 55. Nxc5 Rb8 56. Ne6 Nd7 57. Ra7 Nf6+ 58. Ke5 Ng4+
59. Kd6 Nxf2 60. Ng5 Rd8+ 61. Ke6 Re8+ 62. Kd5 h5 63. Nf7+ Kg8 64. Ne5 Ng4 65.
Nxg6 Re3 66. Nf4 Nf6+ 67. Kd4 Rxg3 68. Ke5 Rg4 69. Ra8+ Kf7 70. Ra7+ Kg8 71.
Kf5 Ne8 72. Ra8 Kf7 1/2-1/2

[Event "Staatsmeisterschaft 2001"]
[Site "Mureck (Austria)"]
[Date "2001.08.06"]
[Round "2.1"]
[White "Lendwai, Reinhard"]
[Black "Neubauer, Martin"]
[Result "1/2-1/2"]
[WhiteElo "2380"]
[BlackElo "2370"]
[PlyCount "22"]
[EventDate "2001.08.06"]

1. e4 e5 2. Nf3 Nc6 3. Bb5 Nf6 4. d3 d6 5. O-O Bd7 6. c3 g6 7. Nbd2 Bg7 8. Re1
O-O 9. Ba4 Nh5 10. Nf1 h6 11. h3 11... Qf6 {.} 1/2-1/2

[Event "Staatsmeisterschaft 2001"]
[Site "Mureck (Austria)"]
[Date "2001.08.06"]
[Round "2.2"]
[White "Rolletschek, Heinrich"]
[Black "Weinzettl, Ernst"]
[Result "1-0"]
[WhiteElo "2340"]
[BlackElo "2413"]
[PlyCount "73"]
[EventDate "2001.08.06"]

1. e4 e6 2. d4 d5 3. exd5 exd5 4. Bd3 c5 5. Qe2+ Be7 6. dxc5 Nf6 7. Nf3 O-O 8.
O-O Bg4 9. h3 Bh5 10. Bf4 Re8 11. Qd1 Bxc5 12. Nbd2 Nc6 13. c3 Ne4 14. Qc2 Qf6
15. Be3 Bxe3 16. fxe3 Qh6 17. Rae1 Bg6 18. Nh2 Ne5 19. Nxe4 Nxd3 20. Qxd3 Bxe4
21. Qd2 Qa6 22. a3 Re6 23. Rf2 Rae8 24. Nf3 Rg6 25. Nd4 Qd6 26. Ne2 Re5 27. Nf4
Rg3 28. c4 { } 28... Qh6 29. cxd5 g5 30. d6 Re8 31. Nd5 f5 32. Ne7+ Kg7 33.
Nxf5+ Bxf5 34. Rxf5 Qe6 35. e4 Rd8 36. Rxg5+ Rxg5 37. Qxg5+ 1-0

[Event "Staatsmeisterschaft 2001"]
[Site "Mureck (Austria)"]
[Date "2001.08.06"]
[Round "2.3"]
[White "Stanec, Nikolaus"]
[Black "Pilaj, Herwig"]
[Result "1-0"]
[WhiteElo "2530"]
[BlackElo "2297"]
[PlyCount "69"]
[EventDate "2001.08.06"]

1. c4 c5 2. g3 Nf6 3. Bg2 e6 4. Nf3 a6 5. O-O b5 6. Na3 b4 7. Nc2 Bb7 8. a3 a5
9. axb4 axb4 10. Rxa8 Bxa8 11. d4 d6 12. dxc5 dxc5 13. Qxd8+ Kxd8 14. Ne5 Bxg2
15. Kxg2 Ke8 16. Bf4 Nfd7 17. Nd3 f6 18. Ra1 e5 19. Bd2 e4 20. Nf4 Bd6 21. Ra7
Be5 22. b3 { } 22... f5 23. Ne6 g6 24. Bf4 Bxf4 25. gxf4 Rg8 26. Ne3 Nc6 27.
Rc7 Nd4 28. Nxd4 cxd4 29. Nd5 Rf8 30. c5 d3 31. exd3 exd3 32. c6 Nf6 33. Re7+
Kd8 34. c7+ Kc8 35. Nb6+ 1-0

[Event "Staatsmeisterschaft 2001"]
[Site "Mureck (Austria)"]
[Date "2001.08.06"]
[Round "2.4"]
[White "Wach, Markus"]
[Black "Volkmann, Friedrich Karl"]
[Result "1/2-1/2"]
[WhiteElo "2377"]
[BlackElo "2406"]
[PlyCount "69"]
[EventDate "2001.08.06"]

1. e4 c5 2. Nf3 Nc6 3. Bb5 e6 4. Bxc6 bxc6 5. d3 Nh6 6. O-O f6 7. Bxh6 gxh6 8.
Nh4 Bg7 9. Qh5+ Ke7 10. Qxc5+ d6 11. Qxc6 Rb8 12. Qc3 Kf7 13. Nf3 f5 14. e5 Bb7
15. Nbd2 Rg8 16. d4 dxe5 17. dxe5 Rc8 18. Qe3 Rxc2 19. Rac1 Rxc1 20. Rxc1 20...
Qb8 { } 21. Nc4 Bxf3 22. Qxf3 Bxe5 23. Nxe5+ Qxe5 24. Qb7+ Kg6 25. Qd7 a5 26.
h4 Rg7 27. Qe8+ Kf6 28. Qf8+ Kg6 29. Rc3 Kh5 30. g3 Qe1+ 31. Kg2 Qe4+ 32. Kh2
Qe2 33. Kg2 Qe4+ 34. Kh2 Qe2 35. Kg2 1/2-1/2

[Event "Staatsmeisterschaft 2001"]
[Site "Mureck (Austria)"]
[Date "2001.08.06"]
[Round "2.5"]
[White "Weiss, Christian"]
[Black "Sommerbauer, Norbert"]
[Result "1/2-1/2"]
[WhiteElo "2403"]
[BlackElo "2422"]
[PlyCount "89"]
[EventDate "2001.08.06"]

1. e4 c5 2. g3 e6 3. Bg2 d5 4. exd5 exd5 5. d4 Nf6 6. Ne2 Nc6 7. O-O cxd4 8.
Nxd4 Be7 9. Be3 O-O 10. Nc3 Bg4 11. Qd2 Qd7 12. Rfe1 Rfe8 13. Nb3 Rad8 14. Nb5
Ne5 15. N5d4 Nc4 16. Qc1 Bh3 17. c3 Bf8 18. f3 Bxg2 19. Kxg2 h6 20. Bf2 Rxe1
21. Bxe1 Re8 22. Bf2 Nh7 23. h4 Nf6 24. Qc2 g6 25. Nd2 Ne3+ 26. Bxe3 Rxe3 27.
Nf1 Re8 28. Qd2 Bg7 29. Re1 Rxe1 30. Qxe1 Nh5 31. Qd2 Qd6 32. Ne2 Nf6 33. Ne3
h5 34. Nc2 Kh7 35. Qd3 Qb6 36. b3 Qa5 37. a4 Qb6 38. Ncd4 a6 39. Nf4 Bh6 40.
Nh3 Kg8 41. Ng5 Nh7 42. Qe3 Nxg5 43. hxg5 Bf8 44. f4 Qc5 45. Kf3 {.} 1/2-1/2

[Event "Staatsmeisterschaft 2001"]
[Site "Mureck (Austria)"]
[Date "2001.08.06"]
[Round "2.7"]
[White "Brandner, Stefan"]
[Black "Baumegger, Siegfried"]
[Result "0-1"]
[WhiteElo "2276"]
[BlackElo "2357"]
[PlyCount "84"]
[EventDate "2001.08.06"]

1. d4 d5 2. Nc3 Bf5 3. Bg5 h6 4. Bh4 c6 5. e3 Qb6 6. Rb1 e6 7. Bd3 Be7 8. Bxf5
exf5 9. Bg3 Nf6 10. Nge2 Nbd7 11. Nf4 O-O 12. O-O Rfe8 13. h4 Qd8 14. h5 Bb4
15. Bh4 Qa5 16. Qd3 Ne4 17. f3 Nd6 18. Nce2 Qb5 19. Qxb5 Nxb5 20. c3 Be7 21.
Bxe7 Rxe7 22. Ng3 Nd6 23. Kf2 Rae8 24. Rfe1 Kh7 25. b3 g6 26. hxg6+ fxg6 27. c4
Nf6 28. cxd5 g5 29. Nfh5 Nxh5 30. Nxh5 Kg6 31. Ng3 cxd5 32. Rbc1 h5 33. Rc5 f4
34. Nf1 Nf5 35. Rxd5 35... fxe3+ { } 36. Kg1 g4 37. fxg4 hxg4 38. Nh2 Kg5 39.
g3 Re4 40. Rf1 Rf8 41. Re1 Rf6 42. Re2 Rd6 0-1

[Event "Staatsmeisterschaft 2001"]
[Site "Mureck (Austria)"]
[Date "2001.08.06"]
[Round "2.8"]
[White "Mahdy, Khaled"]
[Black "Wukits, Rene"]
[Result "1/2-1/2"]
[WhiteElo "2348"]
[BlackElo "2269"]
[PlyCount "54"]
[EventDate "2001.08.06"]

1. e4 c5 2. Nf3 Nc6 3. Bb5 Na5 4. c3 Nf6 5. e5 Nd5 6. O-O a6 7. Ba4 e6 8. Re1
b5 9. Bc2 Bb7 10. d4 cxd4 11. Nxd4 Be7 12. Nd2 O-O 13. Ne4 Nc4 14. Nd2 f5 15.
exf6 Bxf6 16. Ne4 Be7 17. a4 b4 18. Qd3 Ne5 19. Qg3 Ng6 20. Ng5 { } 20... Ndf4
21. Bxf4 Nxf4 22. Bxh7+ Kh8 23. Be4 Bxg5 24. Bxb7 Bh4 25. Qg4 Rb8 26. Be4 Qg5
27. Qxg5 27... Bxg5 { } 1/2-1/2

[Event "Staatsmeisterschaft 2001"]
[Site "Mureck (Austria)"]
[Date "2001.08.07"]
[Round "3.1"]
[White "Wukits, Rene"]
[Black "Lendwai, Reinhard"]
[Result "1/2-1/2"]
[WhiteElo "2269"]
[BlackElo "2380"]
[PlyCount "55"]
[EventDate "2001.08.07"]

1. d4 Nf6 2. c4 e5 3. dxe5 Ng4 4. Bf4 Nc6 5. Nf3 Bb4+ 6. Nbd2 Qe7 7. e3 Ngxe5
8. Nxe5 Nxe5 9. Be2 b6 10. O-O Bxd2 11. Qxd2 Bb7 12. Qc3 f6 13. b4 c5 14. a3
O-O 15. Rfd1 d6 16. Rd2 Rfd8 17. Rad1 Rac8 18. b5 Ra8 19. f3 a6 20. a4 axb5 21.
axb5 Ra4 22. Qc2 Rb4 23. e4 Qe6 24. Rb1 Rxb1+ 25. Qxb1 g5 26. Bg3 Kf7 27. Qb3
Ra8 28. Ra2 { } 1/2-1/2

[Event "Staatsmeisterschaft 2001"]
[Site "Mureck (Austria)"]
[Date "2001.08.07"]
[Round "3.2"]
[White "Baumegger, Siegfried"]
[Black "Mahdy, Khaled"]
[Result "1-0"]
[WhiteElo "2357"]
[BlackElo "2348"]
[PlyCount "147"]
[EventDate "2001.08.07"]

1. e4 e5 2. Nf3 Nc6 3. Bb5 a6 4. Ba4 Nf6 5. O-O Be7 6. Bxc6 dxc6 7. d3 Nd7 8.
Nbd2 c5 9. Nc4 f6 10. Nh4 O-O 11. Nf5 Nb8 12. f4 Nc6 13. Nxe7+ Qxe7 14. f5 Rd8
15. Ne3 Nd4 16. c3 Nb5 17. Rf3 Qf7 18. Rg3 Kh8 19. Qe2 b6 20. Rh3 Nd6 21. Qf2
Qg8 22. g4 Nf7 23. Nd5 Rxd5 24. exd5 Bb7 25. c4 Qd8 26. Be3 Kg8 27. Rg3 c6 28.
g5 fxg5 29. d6 Qxd6 30. Bxg5 Nxg5 31. Rxg5 Rf8 32. Qg3 Rf7 33. Rf1 Qf6 34. Rf2
Bc8 35. h4 a5 36. Kh2 Bd7 37. b3 Kf8 38. a3 Ke7 39. Re2 Kd6 40. b4 axb4 41.
axb4 Bxf5 42. bxc5+ bxc5 43. d4 cxd4 44. Qa3+ Ke6 45. Qa8 g6 46. Qxc6+ Ke7 47.
Qc5+ Qd6 48. Rxe5+ Be6 49. Qxd6+ Kxd6 50. c5+ { } 50... Ke7 51. Re4 Kf6 52.
Rxd4 Rc7 53. Rf4+ Bf5 54. Rc4 Ke5 55. Rg1 Kd5 56. Rgc1 Kc6 57. Rd4 Kb5 58. Rd5
Rc6 59. Kg3 Rc7 60. Kf4 Rc8 61. Kg5 h5 62. c6+ Kb6 63. Rd6 Rc7 64. Rxg6 Bxg6
65. Kxg6 Rc8 66. c7 Kb7 67. Kxh5 Rh8+ 68. Kg6 Kc8 69. h5 Rg8+ 70. Kf6 Rh8 71.
Rc5 Rf8+ 72. Kg7 Rf2 73. h6 Rg2+ 74. Kf6 1-0

[Event "Staatsmeisterschaft 2001"]
[Site "Mureck (Austria)"]
[Date "2001.08.07"]
[Round "3.4"]
[White "Sommerbauer, Norbert"]
[Black "Fahrner, Kurt"]
[Result "1/2-1/2"]
[WhiteElo "2422"]
[BlackElo "2365"]
[PlyCount "34"]
[EventDate "2001.08.07"]

1. e4 Nf6 2. e5 Nd5 3. d4 d6 4. c4 Nb6 5. exd6 cxd6 6. Nc3 g6 7. h3 Bg7 8. Nf3
O-O 9. Be3 Nc6 10. Rc1 e5 11. d5 Ne7 12. Be2 Nf5 13. Bg5 f6 14. Bd2 Nh6 15. O-O
Nf7 16. b4 f5 17. c5 17... e4 {.} 1/2-1/2

[Event "Staatsmeisterschaft 2001"]
[Site "Mureck (Austria)"]
[Date "2001.08.07"]
[Round "3.5"]
[White "Volkmann, Friedrich Karl"]
[Black "Weiss, Christian"]
[Result "1/2-1/2"]
[WhiteElo "2406"]
[BlackElo "2403"]
[PlyCount "23"]
[EventDate "2001.08.07"]

1. e4 c6 2. d4 d5 3. e5 Bf5 4. Nc3 Qb6 5. Nf3 e6 6. Be2 Nd7 7. O-O Ne7 8. b3 h6
9. Na4 Qc7 10. Ba3 Ng6 11. Bxf8 Rxf8 12. Ne1 {.} 1/2-1/2

[Event "Staatsmeisterschaft 2001"]
[Site "Mureck (Austria)"]
[Date "2001.08.07"]
[Round "3.6"]
[White "Pilaj, Herwig"]
[Black "Wach, Markus"]
[Result "1/2-1/2"]
[WhiteElo "2297"]
[BlackElo "2377"]
[PlyCount "76"]
[EventDate "2001.08.07"]

1. d4 d5 2. c4 e6 3. Nc3 Nf6 4. Bg5 Nbd7 5. e3 c6 6. cxd5 exd5 7. Bd3 Be7 8.
Qc2 O-O 9. Nf3 Re8 10. O-O Nf8 11. Rae1 Be6 12. Ne5 N6d7 13. Bxe7 Qxe7 14. f4
f6 15. Nf3 Nb6 16. Kh1 Rac8 17. Qf2 Nc4 18. Bxc4 dxc4 19. e4 b5 20. d5 Bf7 21.
dxc6 Rxc6 22. Nxb5 22... Rb6 { } 23. Nbd4 Qb7 24. e5 Rxb2 25. Qg3 fxe5 26. Nf5
Bg6 27. Nd6 exf4 28. Qxf4 Rxe1 29. Nxe1 Qe7 30. Qxc4+ Kh8 31. Nc8 Qe8 32. Nd6
Qb8 33. Nc8 Nd7 34. Qc6 Qb5 35. Qxb5 Rxb5 36. Nxa7 Ra5 37. Nc6 Rxa2 38. Ne5 Nf6
1/2-1/2

[Event "Staatsmeisterschaft 2001"]
[Site "Mureck (Austria)"]
[Date "2001.08.07"]
[Round "3.7"]
[White "Weinzettl, Ernst"]
[Black "Stanec, Nikolaus"]
[Result "1/2-1/2"]
[WhiteElo "2413"]
[BlackElo "2530"]
[PlyCount "37"]
[EventDate "2001.08.07"]

1. e4 d5 2. exd5 Nf6 3. Bb5+ Bd7 4. Be2 Nxd5 5. d4 Bf5 6. Nf3 e6 7. O-O Be7 8.
c4 Nb4 9. Na3 Nd7 10. Bf4 c6 11. Qd2 O-O 12. h3 Nf6 13. Qe3 b5 14. Nh4 bxc4 15.
Nxf5 exf5 16. Bxc4 Nbd5 17. Qf3 Bxa3 18. bxa3 Nb6 19. Ba6 {.} 1/2-1/2

[Event "Staatsmeisterschaft 2001"]
[Site "Mureck (Austria)"]
[Date "2001.08.07"]
[Round "3.8"]
[White "Neubauer, Martin"]
[Black "Rolletschek, Heinrich"]
[Result "1-0"]
[WhiteElo "2370"]
[BlackElo "2340"]
[PlyCount "35"]
[EventDate "2001.08.07"]

1. e4 e5 2. f4 Nf6 3. fxe5 Nxe4 4. Nf3 d5 5. d3 Nc5 6. d4 Ne4 7. Bd3 Bf5 8. O-O
Bg6 9. c4 dxc4 10. Bxc4 c6 11. Nc3 Nxc3 12. bxc3 Be7 13. e6 fxe6 14. Bxe6 Nd7
15. Qe2 Qc7 16. Bh3 { } 16... Nf8 17. Re1 Kd8 18. Bf4 1-0

[Event "Staatsmeisterschaft 2001"]
[Site "Mureck (Austria)"]
[Date "2001.08.08"]
[Round "4.2"]
[White "Stanec, Nikolaus"]
[Black "Neubauer, Martin"]
[Result "1/2-1/2"]
[WhiteElo "2530"]
[BlackElo "2370"]
[PlyCount "49"]
[EventDate "2001.08.08"]

1. g3 d5 2. Bg2 Nf6 3. Nf3 g6 4. c4 Bg7 5. cxd5 Nxd5 6. O-O O-O 7. d3 c5 8.
Nbd2 Nc6 9. Rb1 b6 10. a3 Bb7 11. Nc4 Qd7 12. Bd2 Rac8 13. Qb3 Nd4 14. Nxd4
cxd4 15. a4 Rc7 16. Na3 a6 17. Rfc1 Rfc8 18. Rxc7 Rxc7 19. Rc1 Rxc1+ 20. Bxc1
e6 21. Nc4 h5 22. Bd2 Bc6 23. Qa3 Bf8 24. Qa2 Qc7 25. Bf3 {.} 1/2-1/2

[Event "Staatsmeisterschaft 2001"]
[Site "Mureck (Austria)"]
[Date "2001.08.08"]
[Round "4.4"]
[White "Weiss, Christian"]
[Black "Pilaj, Herwig"]
[Result "1/2-1/2"]
[WhiteElo "2403"]
[BlackElo "2297"]
[PlyCount "133"]
[EventDate "2001.08.08"]

1. d4 d5 2. c4 c6 3. Nc3 Nf6 4. Nf3 dxc4 5. a4 e6 6. e3 c5 7. Bxc4 Nc6 8. O-O
Be7 9. Qe2 cxd4 10. Rd1 O-O 11. exd4 Nb4 12. Bf4 b6 13. Nb5 Nbd5 14. Be5 Bb7
15. Bd3 Nb4 16. Bb1 a6 17. Nc3 Rc8 18. Ng5 g6 19. h4 Re8 20. Nf3 Nbd5 21. Nxd5
Qxd5 22. Bd3 a5 23. Rdc1 Rxc1+ 24. Rxc1 Rc8 25. Rxc8+ Bxc8 26. Qc2 Qb7 27. Ng5
Bd7 28. Qc1 28... Nd5 { } 29. Nxf7 Kxf7 30. Qh6 Ke8 31. Qxh7 Bxa4 32. Qxg6+ Kd7
33. h5 Qc8 34. Kh2 Qc1 35. Be4 Bc6 36. Bxd5 Bxd5 37. h6 Qe1 38. h7 Be4 39. Qg7
Bxh7 40. Bf6 Bf5 41. Qxe7+ Kc6 42. Qe8+ Kb7 43. Qd7+ Ka6 44. Qc8+ Kb5 45. Kg3
Qd2 46. Qd7+ Ka6 47. d5 Qd3+ 48. f3 exd5 49. Qg7 Qd2 50. Bd4 Be6 51. Qe5 Kb5
52. Qe3 Qxe3 53. Bxe3 Kc4 54. Bxb6 a4 55. Kf2 Kd3 56. Bd8 Bd7 57. Bf6 Bc8 58.
Be5 Bd7 59. g4 Bc8 60. Kg3 Ke3 61. f4 d4 62. f5 d3 63. Bc3 d2 64. Bxd2+ Kxd2
65. Kf4 Kc2 66. Ke5 Bxf5 67. gxf5 1/2-1/2

[Event "Staatsmeisterschaft 2001"]
[Site "Mureck (Austria)"]
[Date "2001.08.08"]
[Round "4.6"]
[White "Brandner, Stefan"]
[Black "Sommerbauer, Norbert"]
[Result "1/2-1/2"]
[WhiteElo "2276"]
[BlackElo "2422"]
[PlyCount "166"]
[EventDate "2001.08.08"]

1. e4 c5 2. d3 e6 3. g3 d5 4. Nd2 Nc6 5. Bg2 Nf6 6. Ngf3 g6 7. O-O Bg7 8. c3
O-O 9. Re1 b6 10. Qc2 Ba6 11. Qa4 Qc8 12. e5 Nd7 13. d4 b5 14. Qb3 b4 15. Nf1
Rb8 16. Qd1 Qc7 17. Ne3 bxc3 18. bxc3 cxd4 19. cxd4 Nb4 20. Ba3 Qa5 21. Bxb4
Rxb4 22. a3 Ra4 23. h4 Rxa3 24. Rxa3 Qxa3 25. h5 Qe7 26. hxg6 hxg6 27. Ng4 Rb8
28. Qd2 Rb3 29. Ra1 Ra3 30. Rc1 Bc4 31. Qf4 a5 32. Bf1 Ra4 33. Ng5 Rb4 34. Bxc4
Rxc4 35. Rxc4 dxc4 36. Ne4 c3 37. Nd6 c2 38. Qd2 f5 39. Ne3 Bxe5 40. dxe5 Nxe5
41. Qxc2 Qxd6 42. Qc8+ Kg7 43. Qc3 Kf7 44. Qxa5 g5 45. Qa7+ Qd7 46. Qb8 Nf3+
47. Kg2 Qc6 48. Qh8 Nh4+ 49. Kh2 Ng6 50. Qh5 Kf6 51. f4 gxf4 52. gxf4 Nxf4 53.
Qh8+ Kf7 54. Qh7+ Ke8 55. Qg8+ Kd7 56. Qg7+ Kc8 57. Qh8+ Kc7 58. Qg7+ Kc8 59.
Qh8+ Kb7 60. Qb2+ Qb6 61. Qg7+ Qc7 62. Qb2+ Kc8 63. Qh8+ Kd7 64. Qg7+ Kc6 65.
Qc3+ { } 65... Kd7 66. Qg7+ Kd6 67. Nxf5+ exf5 68. Qf6+ Kd5 69. Qxf5+ Kd4 70.
Qg4 Ke4 71. Kg3 Qc3+ 72. Kh4 Qb4 73. Kg5 Qf8 74. Kh4 Qe7+ 75. Kg3 Qa3+ 76. Kh4
Qa5 77. Kg3 Qe1+ 78. Kh2 Qf2+ 79. Kh1 Qd2 80. Kg1 Qc1+ 81. Kh2 Qe1 82. Qf5+ Kf3
83. Qg4+ Kxg4 1/2-1/2

[Event "Staatsmeisterschaft 2001"]
[Site "Mureck (Austria)"]
[Date "2001.08.08"]
[Round "4.8"]
[White "Wukits, Rene"]
[Black "Baumegger, Siegfried"]
[Result "0-1"]
[WhiteElo "2269"]
[BlackElo "2357"]
[PlyCount "58"]
[EventDate "2001.08.08"]

1. d4 Nf6 2. c4 d6 3. Nf3 g6 4. Nc3 Bg7 5. e4 O-O 6. Be2 e5 7. d5 a5 8. Nd2 Na6
9. h4 Ne8 10. g4 f5 11. gxf5 gxf5 12. exf5 Nf6 13. Nde4 Nxe4 14. Nxe4 Bxf5 15.
Bg5 Qd7 16. f3 Nc5 17. Nxc5 dxc5 18. Qd2 18... e4 { } 19. O-O-O Qa4 20. a3 exf3
21. Bd3 b5 22. cxb5 Bxd3 23. Qxd3 Rab8 24. Rhg1 c4 25. Qe4 Bxb2+ 26. Kd2 c3+
27. Ke3 Qxe4+ 28. Kxe4 f2 29. Rg2 Rbe8+ 0-1

[Event "Staatsmeisterschaft 2001"]
[Site "Mureck (Austria)"]
[Date "2001.08.09"]
[Round "5.1"]
[White "Baumegger, Siegfried"]
[Black "Lendwai, Reinhard"]
[Result "1-0"]
[WhiteElo "2357"]
[BlackElo "2380"]
[PlyCount "83"]
[EventDate "2001.08.09"]

1. e4 c5 2. Nf3 e6 3. d4 cxd4 4. Nxd4 a6 5. Bd3 Nf6 6. O-O Qc7 7. Qe2 d6 8. c4
Nbd7 9. Nc3 Be7 10. b3 O-O 11. Bb2 b6 12. Rad1 Bb7 13. Bb1 Rfe8 14. f4 Rad8 15.
Nf3 Qc5+ 16. Kh1 Qh5 17. Qe1 b5 18. cxb5 axb5 19. Ne2 Qc5 20. Ng3 Bf8 21. Rc1
Qb6 22. Bd4 Qa6 23. e5 Nd5 24. Ng5 g6 25. N3e4 25... h6 { } 26. Nxf7 Kxf7 27.
Qg3 Bg7 28. Nxd6+ Kg8 29. Qxg6 Nf8 30. Qf7+ Kh8 31. Nxe8 Rd7 32. Qh5 Qa8 33.
Nf6 Ne7 34. Nxd7 Bxg2+ 35. Kg1 Bxf1 36. Rxf1 Nxd7 37. Qf3 Qf8 38. Qg4 Nf5 39.
Bxf5 exf5 40. Qg2 Qf7 41. Kh1 Nf8 42. Be3 1-0

[Event "Staatsmeisterschaft 2001"]
[Site "Mureck (Austria)"]
[Date "2001.08.09"]
[Round "5.3"]
[White "Sommerbauer, Norbert"]
[Black "Mahdy, Khaled"]
[Result "1/2-1/2"]
[WhiteElo "2422"]
[BlackElo "2348"]
[PlyCount "32"]
[EventDate "2001.08.09"]

1. Nf3 Nf6 2. c4 c5 3. Nc3 g6 4. e4 Bg7 5. d4 O-O 6. Be2 d6 7. O-O Bg4 8. d5
Na6 9. Bg5 Nc7 10. Qd2 e5 11. Rab1 Qd7 12. a3 a5 13. Ne1 Bxe2 14. Qxe2 Rfc8 15.
a4 Rf8 16. Nd3 16... Rae8 { } 1/2-1/2

[Event "Staatsmeisterschaft 2001"]
[Site "Mureck (Austria)"]
[Date "2001.08.09"]
[Round "5.4"]
[White "Volkmann, Friedrich Karl"]
[Black "Brandner, Stefan"]
[Result "1-0"]
[WhiteElo "2406"]
[BlackElo "2276"]
[PlyCount "71"]
[EventDate "2001.08.09"]

1. e4 d6 2. d4 Nf6 3. Nc3 e5 4. dxe5 dxe5 5. Qxd8+ Kxd8 6. Bg5 Be6 7. O-O-O+
Nbd7 8. Nf3 Kc8 9. Bh4 Bb4 10. Ng5 a5 11. Nxe6 fxe6 12. f3 a4 13. a3 Bxc3 14.
bxc3 Ra5 15. Kb2 h6 16. Be2 b6 17. Rd2 Rf8 18. Rhd1 Nc5 19. Bc4 Re8 20. Bf2
Nfd7 21. Be3 Nf6 22. g4 Nfd7 23. g5 hxg5 24. Bxg5 Nf6 25. Be3 Nb7 26. h4 Kb8
27. Rg2 Re7 28. Be2 Ka7 29. Rdg1 Ne8 30. Rg6 Nc5 31. R1g5 Kb7 32. Rh5 Nd7 33.
Rh8 Ndf6 34. Bg5 Rd7 35. h5 Nd6 36. h6 { } 1-0

[Event "Staatsmeisterschaft 2001"]
[Site "Mureck (Austria)"]
[Date "2001.08.09"]
[Round "5.5"]
[White "Pilaj, Herwig"]
[Black "Fahrner, Kurt"]
[Result "0-1"]
[WhiteElo "2297"]
[BlackElo "2365"]
[PlyCount "104"]
[EventDate "2001.08.09"]

1. e4 Nf6 2. e5 Nd5 3. d4 d6 4. Nf3 Nb6 5. a4 Bg4 6. a5 N6d7 7. h3 Bh5 8. g4
Bg6 9. e6 fxe6 10. Ng5 Nf6 11. Bg2 c6 12. Nxe6 Qd7 13. Nxf8 Rxf8 14. O-O Na6
15. c4 Kf7 16. Nc3 Kg8 17. f4 e6 18. d5 Bf7 19. dxe6 Qxe6 20. b3 Nc5 21. Re1
Qd7 22. Ra2 Rfe8 23. Rae2 Rxe2 24. Nxe2 Re8 25. Nd4 d5 26. Rxe8+ Qxe8 27. Nf5
dxc4 28. bxc4 Qd7 29. Qxd7 Nfxd7 30. Nd6 Nb3 31. Be3 Nxa5 32. c5 Bd5 33. Bxd5+
cxd5 34. Nxb7 Nc6 35. Kf2 Kf7 36. Nd6+ Ke6 37. Nb5 d4 38. Nxd4+ 38... Kd5 { }
39. Nf5 g6 40. Nh6 Nxc5 41. f5 a5 42. Ke2 a4 43. Bxc5 Kxc5 44. f6 Kd6 45. Kd2
45... Ke6 { } 46. f7 Ke7 47. Kc3 Ne5 48. Kb4 Kf8 49. Kxa4 Nxf7 50. g5 Nxg5 51.
h4 Nf3 52. h5 Ne5 0-1